000 00530nam a22001577a 4500
003 OSt
008 140419b xxu||||| |||| 00| 0 eng d
100 1 _aJohn Bull Stamp Auctions.
041 _aeng
245 1 0 _aJohn Bull Stamp Auctions, Ltd presents "The Provincial city", collection of the opening of China ; Canton, 1801 to 1856.
260 _aHong Kong
_bJohn Bull Stamp Auctions
300 _a28 pages
650 0 _aPostal history--China--Exhibits
650 0 _aCovers--China--Auction catalogs
650 0 _aShek, Peter. Exhibits
999 _c524
_d524